Buenas perspectivas para editores : dentro del programa educativo (Record no. 63445)

MARC details
000 -CABECERA
campo de control de longitud fija 00579nam a2200205 a 4500
005 - FECHA Y HORA DE LA ÚLTIMA TRANSACCIÓN
campo de control 20210219152911.0
008 - ELEMENTOS DE LONGITUD FIJA--INFORMACIÓN GENERAL
campo de control de longitud fija 991125n 000 0 spa u
035 ## - NÚMERO DE CONTROL DEL SISTEMA
Número de control de sistema UPN01000066314
222 ## - TÍTULO CLAVE
Título clave COMUNICACION EDUCATIVA SEP
245 ## - MENCIÓN DE TÍTULO
Título Buenas perspectivas para editores : dentro del programa educativo
260 ## - PUBLICACIÓN, DISTRIBUCIÓN, ETC.
Lugar de publicación, distribución, etc. México
300 ## - DESCRIPCIÓN FÍSICA
Extensión 3
362 0# - FECHAS DE PUBLICACIÓN Y/O DESIGNACIÓN SECUENCIAL
Fecha de publicación y/o designación secuencial 1989 Año 6, no. 73, nov.
653 0# - TERMINO DE INDIZACION - NO CONTROLADO
Término no controlado CAMARA NACIONAL DE LA INDUSTRIA EDITORIAL (MEXICO)
653 0# - TERMINO DE INDIZACION - NO CONTROLADO
Término no controlado EDITORES
653 0# - TERMINO DE INDIZACION - NO CONTROLADO
Término no controlado GRIJALBO SERRES, JUAN
653 0# - TERMINO DE INDIZACION - NO CONTROLADO
Término no controlado SEP
904 ## - ELEMENTOS DE DATOS D LOCAL, LDD (RLIN)
a AC
b 004125
905 ## - TIPO DE MATERIAL
Tipo de material Articulo

No items available.